02436nam a2200229Ia 450000500170000000800410001704000440005804100130010208200150011510000320013024202530016224503100041526000690072530000420079450008940083650502270173050600210195754600330197860000750201165000390208685600810212520201123045754.0130821q1689 pe a fr mul  aCo-BoUCMbspacSandra YazodSandra Yazo0 aspaalat04a808.512201 aMontero del Águila, Diego00aDiscurso de elogio pronunciado por el doctor D. Diego Montero del Águila al ingreso del Excelentísimo Señor D. Melchor Portocarrero Lasso de la Vega (…) en la Real Universidad de S. Marcos de la ciudad de Lima, el 30 de octubre de 1689yspa10aOración panegyrica que al primer feliz ingresso del Excelentísimo Señor Don Melchor Portocarrero Lasso de la Vega ... en la Real Universidad de S. Marcos de la ciudad de los Reyes, Corte del Perú. El favsto día 30 de octubre del año de 1689 ... dixo el doctor D. Diego Montero del Águila ... aLima (Perú)bImprenta de Joseph de Contreras, y Alvaradoc1689 a[3], [1-5], 6- 58 foliosc26 x 19 cm. aEncuadernación flexible en pergamino. Ejemplar desencuadernado. Pergamino de tapas, arrugado y manchado. Guardas; en la delantera nota manuscrita de propiedad y roturas. Portada impresa en una sola tinta. En página siguiente y en orla decorativa el escudo del Virrey Portocarrero. Dedicatoria. En los primeros 8 folios, texto en dos columnas (la izquierda, en latín; la derecha, en español antiguo). En los folios siguientes: la impresión se alterna en una y dos columnas (predominando la primera modalidad). Impresión con diferentes tipos y tamaños de letra. Apostillas marginales. Mayúsculas capitales, remates. Signaturas y reclamos. Una ilustración (fol. 27 verso) que reproduce el escudo de la Universidad de San Marcos. Algunas anotaciones. Margenes amplios. Cortes pintados. Intervención de restauración por John Jairo Martínez, Paola Montoya (Octubre 2020).0 aDedicatoria a la Virreina del Perú ; Panegírico bilingüe ; Continuación del Panegírico, en español antiguo ; Continuación del Elogio, con versos laudatorios del Virrey Portocarrero, obra de diferentes autores aConsulta en sala aTexto en español y latín1 aPortocarrero y Lasso de la Vega, MelchorcVirrey del PerúxHomenajes 7aDiscursosxObras anteriores a 180041uhttps://repository.urosario.edu.co/handle/10336/20523zDisponible en línea